000 00758nam a2200241 a 4500
001 25474
003 CO-ViMGA
008 141112s2004 ck r 000 u spa d
015 _ack - 2012 - xxxx
020 _a9789583507397
040 _aCO-ViMGA
_bspa
_cCO-ViMGA
082 0 4 _a345.46 M86d
100 1 _aMuñoz Conde, Francisco
_919475
245 1 0 _aDerecho penal y control social /
_cpor Francisco Muñoz Conde
250 _a2a. ed.
260 _aBogotá :
_bTemis,
_c2012
300 _a129 p. ; 17 cm
490 _aMonografías jurídicas ; 10
650 1 4 _aDerecho penal - España
_938880
917 _a2013 - 7036 2 ejemplares
942 _2ddc
_cBK
990 _a2013 - 7036 Editorial Temis 2 ejemplares 21 12/08/2013 a848271 22/07/2013 19/07/2013
999 _c33060
_d33060